|
|
|
|
| LEADER |
00000nam0a2200000 4500 |
| 001 |
356139 |
| 005 |
20231102010851.0 |
| 035 |
|
|
|a (RuTPU)RU\TPU\retro\13399
|
| 035 |
|
|
|a RU\TPU\retro\13397
|
| 090 |
|
|
|a 356139
|
| 100 |
|
|
|a 20200715d1964 k y0rusy50 ca
|
| 101 |
0 |
|
|a rus
|
| 102 |
|
|
|a RU
|
| 105 |
|
|
|a y z 000zy
|
| 200 |
1 |
|
|a О роли рыхлых продуктов при изучении зон окисления сульфидных месторождений
|e [оттиск статьи]
|f В. К. Черепнин
|
| 210 |
|
|
|a Томск
|c Изд-во Томского ун-та
|d 1964
|
| 215 |
|
|
|a С. 117-121
|
| 225 |
1 |
|
|a Известия Томского Политехнического Института
|v Т. 127, в. 1
|
| 300 |
|
|
|a Представлена научным семинаром кафедр минералогии, петрографии, полезных ископаемых
|
| 316 |
|
|
|5 63413507: ШкА2/539
|a На с. 117 дарственная надпись: "В библиотеку ТПИ. В. Черепнин. 5.10.66"
|
| 320 |
|
|
|a Библиогр.: с. 121
|
| 606 |
1 |
|
|a Сульфидные месторождения
|x Зоны окисления
|2 stltpush
|3 (RuTPU)RU\TPU\subj\58272
|9 76077
|
| 610 |
1 |
|
|a коллекция ТПУ
|
| 610 |
1 |
|
|a труды учёных ТПУ
|
| 610 |
1 |
|
|a оттиски
|
| 610 |
1 |
|
|a дарственные надписи
|
| 610 |
1 |
|
|a дары автора
|
| 610 |
1 |
|
|a дары библиотеке
|
| 610 |
1 |
|
|a Западная Сибирь
|
| 610 |
1 |
|
|a Салаир
|
| 610 |
1 |
|
|a Западный Саян
|
| 610 |
1 |
|
|a Восточный Саян
|
| 610 |
1 |
|
|a пески
|
| 610 |
1 |
|
|a боковые породы
|
| 610 |
1 |
|
|a дезинтеграция
|
| 610 |
1 |
|
|a выщелачивание
|
| 675 |
|
|
|a 553.4.06
|v 4
|
| 700 |
|
1 |
|a Черепнин
|b В. К.
|c российский геолог
|c профессор Томского политехнического института
|f 1916-1985
|g Владимир Константинович
|x TPU
|2 stltpush
|3 (RuTPU)RU\TPU\pers\19885
|
| 801 |
|
1 |
|a RU
|b 63413507
|c 20200715
|
| 801 |
|
2 |
|a RU
|b 63413507
|c 20200715
|g RCR
|
| 942 |
|
|
|c BK
|